=LDR 00000nam 2200000 4500 =001 NUTBA000000000001975 =005 20140526181944.0 =006 =007 =008 =020 ##$$a 978-979-017-144-7 =035 ##$$a 0010-051400000000440 =082 ##$$a 403 =090 ##$$a 403 $b Tsu k =100 ##$$a Aliyah Tsuraya =245 ##$$a Kamus Pintar Indonesia - Arab - Inggris $c Aliyah Tsuraya =260 ##$$a Jakarta $b Qultum Media $c 2011 =300 ##$$a 164 hlm $b ilus $c 28 cm =850 ##$$a NBPBMAT